000 01757nam a2200337 i 4500
001 182635
003 ES-MaACL
005 20231026164015.0
008 131007s2010 sp |||| |dspa d
020 _a978-84-9887-381-8
080 _a929 Valle-Inclan, Ramón del
080 _a7:061.22(450.621 R.)"19"
245 0 0 _aTodo Valle-Inclán en Roma (1933-1936) /
_cedición, anotación, índices y facsímiles, Margarita Santos Zas, Francisca Martínez, Carmen Vilchez Ruíz ... [et al.], Grupo de Investigación Valle-Inclán de la USC ; dirigido por Margarita Santos Zas.
246 3 5 _iSubtít. del CD-ROM
_aEl director Valle-Inclán
260 _aSantiago de Compostela :
_bUniversidade de Santiago de Compostela ;
_a[Pontevedra] :
_bDeputación de Pontevedra,
_c2010.
300 _a668 p. ;
_c24 cm +
_e1 CD-ROM.
490 1 _aBiblioteca de la Cátedra Valle-Inclán de la Universidade de Santiago de Compostela ;
_v5.
_aMonografías ;
_v4-5
504 _aBibliografía: p. 625-643.
600 1 7 _aValle-Inclán, Ramón del,
_d1866-1936-
_vCorrespondencia
_9140525
610 2 4 _aAcademia Española de Bellas Artes en Roma.
_91194
700 1 _aSantos Zas, Margarita.
_9153564
700 1 _aMartínez, Francisca.
_9153565
700 1 _aVilchez Ruíz, Carmen.
_9153566
710 2 _aUniversidad de Santiago de Compostela.
_bCátedra Valle-Inclán.
_9145239
830 0 _aBiblioteca de la Cátedra Valle-Inclán de la Universidade de Santiago de Compostela ;
_v5.
_aMonografías ;
_v4-5
_9224864
852 _aES-MaACL
_jA-12878
_9189552
_bR.149067
_cDEPO1
_dOlim: N-5878
_xDonación: Margarita Santos
852 _aES-MaACL
_jROT 2/7/15
903 _9153564
_aSantos Zas, Margarita
_ednr
942 _2udc
_cMONOGRAFIA
999 _c182635
_d182635